| 000 -LEADER | |
|---|---|
| fixed length control field | 00482nam a22001697a 4500 |
| 005 - DATE AND TIME OF LATEST TRANSACTION | |
| control field | 20210825115849.0 |
| 008 - FIXED-LENGTH DATA ELEMENTS--GENERAL INFORMATION | |
| fixed length control field | 210218b ||||| |||| 00| 0 eng d |
| 020 ## - INTERNATIONAL STANDARD BOOK NUMBER | |
| ISBN | 978-93-88194-14-3 |
| 041 ## - LANGUAGE CODE | |
| Language code of text/sound track or separate title | eng |
| 082 ## - DEWEY DECIMAL CLASSIFICATION NUMBER | |
| Classification number | 615.19 |
| 100 ## - MAIN ENTRY--AUTHOR NAME | |
| Personal name | DAS, DR. KUNTAL |
| 245 ## - TITLE STATEMENT | |
| Title | A TEXTBOOK OF PHARMACEUTICAL MICROBIOLOGY: |
| Remainder of title | as per pci regulation second year b.pharma . semester [iii] |
| 260 ## - PUBLICATION, DISTRIBUTION, ETC. (IMPRINT) | |
| Place of publication | PUNE |
| Name of publisher | NIRALI PRAKASHAN |
| 300 ## - PHYSICAL DESCRIPTION | |
| Number of Pages | R.2, p |
| 650 ## - SUBJECT ADDED ENTRY--TOPICAL TERM | |
| Topical Term | PHARMACY |
| 942 ## - ADDED ENTRY ELEMENTS (KOHA) | |
| Koha item type | Books |
| Lost status | Damaged status | Collection code | Home library | Current library | Shelving location | Date acquired | Source of acquisition | Cost, normal purchase price | Full call number | Accession Number | Koha item type |
|---|---|---|---|---|---|---|---|---|---|---|---|
| PHARMACY | JRU Library | JRU Library | SHELF-17-G | 18/02/2021 | PURCHES / LBI - 1710 / 11-2-21 | 210.00 | 615.19 | 25491 | Books | ||
| PHARMACY | JRU Library | JRU Library | SHELF-17-G | 18/02/2021 | PURCHES / LBI - 1710 / 11-2-21 | 210.00 | 615.19 | 25492 | Books | ||
| PHARMACY | JRU Library | JRU Library | SHELF-17-G | 18/02/2021 | PURCHES / LBI - 1710 / 11-2-21 | 210.00 | 615.19 | 25493 | Books | ||
| PHARMACY | JRU Library | JRU Library | SHELF-17-G | 18/02/2021 | PURCHES / LBI - 1710 / 11-2-21 | 210.00 | 615.19 | 25494 | Books | ||
| Reference | JRU Library | JRU Library | SHELF-17-G | 18/02/2021 | PURCHES / LBI - 1710 / 11-2-21 | 210.00 | 615.19 | 25495 | Books |